000
00250nam a2200097Ia 4500
001
680225
005
20250826161337.0
008
250824s9999 xx 000 0 und d
245
0
_a
MİNİK EJDERHA
_c
PHİLİPPA GREGORY
260
_b
GÜNIŞIĞI KİTAPLIĞI
999
_c
680225
_d
680225